000 01504cam a2200349 i 4500
999 _c41653
_d41653
001 41653
003 Mx-PuUPA
005 20250722134850.0
008 140415s2007 mx r 000 0 spa d
020 _a970983519X
040 _aMx-PuUPA
_bspa
_cMx-PuUPA
_dMx-PuUPA
_erda
041 0 _aspa
245 1 0 _aMemorias del tercer foro internacional de prevención del delito 2006 /
_cJuan Pablo Salazar Andreu, compilador ; editor, Miguel Ángel Soriano Montero ; Enrique Díaz-Aranda [y otros tres]
250 _aPrimera edición
264 1 _a[Puebla, Puebla, México] :
_bMontiel & Soriano, Editores,
_c2007
300 _a96 páginas ;
_c23 cm.
336 _2rdacontent
_atexto
_btxt
337 _2rdamedia
_asin medio
_bn
338 _2rdacarrier
_avolumen
_bnc
650 4 _aDelitos
_vCongresos
650 4 _aPrevención del delito
_vCongresos
700 1 _aSalazar Andreu, Juan Pablo,
_ecompilador
_96531
700 1 _aSoriano Montero, Miguel Ángel,
_eeditor
700 1 _aDíaz Aranda, Enrique,
_eautor
_96916
710 2 _aUniversidad Popular Autónoma del Estado de Puebla,
_96081
710 2 _aAsociación de Ciudadanos Poblanos Unidos por la Justicia y la Atención a Víctimas del Delito
942 _2ddc
_cLI
_h364.4
_iM533